LEADER 01080nam a2200241 i 4500 001 000000039805 003 CaOOAMICUS 005 20060717000000.0 008 060717s1992 it u000 u ita u 013 $a10961 040 $aSeMil$bita 100 1 $aOrlandi, Gianfranco.$0(OLS)http://semarc/name/19358 245 13$aIl concetto di persona nel C.I.C. 83 :$bdissertatio ad licentiam /$cGianfranco Orlandi ; moderator : Chiar.mo prof. Andrea Boni. 260 $aRoma :$b[s.n.],$c1992. 300 $aXXII, 87 c. ;$c30 cm. 500 $aIn testa al front : Pontificium Atheneum Antonianum Facultas Juris Canonici. 650 4$aPersona - Diritto canonico.$0(OLS)http://semarc/subject/8259 700 1 $aBoni, Andrea .$0(OLS)http://semarc/name/19359 850 $aSeMil 852 $aSeMil$W1$xVenegono$y1$m4X I 49$j5960$B5960$CSeMilBibl$Z2$F5960 $8L 961 $aOmaggio: Autore 996 $6245$aIl concetto di persona nel C.I.C. 83 :$bdissertatio ad licentiam$9(OLS)http://semarc/title/56905 996 $6260$aRoma :$b[s.n.]$9(OLS)http://semarc/publisher/29738 LEADER 00843nam a2200193 i 4500 001 000000063703 003 CaOOAMICUS 005 20130726000000.0 008 130726s1936 xx u000 u lat u 013 $a34875 040 $aSeMil$bita 245 13$aDe comparatione auctoritatis Papae et Concilii cum apologia eiusdem tractatus. 300 $a351 p. 650 4$aTeologia - Testi - Sec. 16.$0(OLS)http://semarc/subject/2891 700 1 $aDe Vio, Tommaso,$c.$0(OLS)http://semarc/name/89783 773 0 $aDe Vio, Tommaso $tScripta theologica.$dRomae : Angelicum, 1936.$gVol.1$w()28678 850 $aSeMil 852 $aSeMil$W1$xVenegono$y1$m2M III 39$j29856$B29856$CSeMilBibl$Z2$F29859 $81 996 $6245$aDe comparatione auctoritatis Papae et Concilii cum apologia eiusdem tractatus$9(OLS)http://semarc/title/100711